000261691 001__ 261691
000261691 005__ 20240627173040.0
000261691 0247_ $$aG:(GEPRIS)426730966$$d426730966
000261691 035__ $$aG:(GEPRIS)426730966
000261691 040__ $$aGEPRIS$$chttp://gepris.its.kfa-juelich.de
000261691 150__ $$aKlonale Evolution von SCLC (B02)$$y2019 -
000261691 371__ $$aProfessor Dr. Martin Peifer
000261691 450__ $$aSFB 1399 B02$$wd$$y2019 -
000261691 5101_ $$0I:(DE-588b)2007744-0$$aDeutsche Forschungsgemeinschaft$$bDFG
000261691 550__ $$0G:(GEPRIS)413326622$$aSFB 1399: Mechanismen der Medikamenten-Empfindlichkeit und -Resistenz beim kleinzelligen Bronchialkarzinom$$wt
000261691 680__ $$aM. Peifer und sein Team werden sich – nach erfolgreicher Etablierung evolutionärer Modelle – in der zweiten Förderperiode insbesondere um eine Erweiterung der bisherigen Technologien um eine vertiefte Analyse von chromosomalen Kopienzahlen bemühen. Eine Verfeinerung der bisherigen Ansätze dient letztlich dem Ziel, noch generalisierbarere Regeln über die evolutionäre Dynamik unter Therapie aufzustellen. Sie werden außerdem computergestützte Ansätze für die Bestimmung von Kopienzahlen aus Einzelzellsequenzierungen (RNA) sowie Methoden für die Sequenzierung einzelner Zellkerne entwickeln. Letztlich dienen alle diese Technologien der Vertiefung des Verständnisses über das evolutionäre Geschehen, das die Resistenzentwicklung beim SCLC antreibt.
000261691 909CO $$ooai:juser.fz-juelich.de:928294$$pauthority$$pauthority:GRANT
000261691 909CO $$ooai:juser.fz-juelich.de:928294
000261691 980__ $$aG
000261691 980__ $$aAUTHORITY